| 000 | 00803cam a22002651 4500 | ||
|---|---|---|---|
| 001 | 000008500 | ||
| 003 | OSt | ||
| 005 | 20200929161341.0 | ||
| 008 | 781001s1967 cu 000 1 spa | ||
| 040 |
_aDO-SdBNP _bspa _cBNPHU |
||
| 082 |
_aA863.6 _bM323a |
||
| 100 | 1 |
_aMarechal, Leopoldo, _d1900-1970. _922822 |
|
| 245 | 1 | 0 |
_aAdan Buenosayres / _cLeopoldo Marechal ; prólogo Oscar Collazos |
| 260 |
_aBuenos Aires, : _bLa Habana, Cuba, _c[1967?]. |
||
| 300 |
_a765 (39) p. ; _c18 cm. |
||
| 490 | 0 | _aLitera latinoamericana | |
| 590 | _aInventariado, 2020/ YL | ||
| 650 | 4 |
_aNovela argentina _93941 |
|
| 650 | 4 |
_aLiteratura argentina _93860 |
|
| 700 | 1 | 2 |
_aCollazos, Oscar _eprol. _969112 |
| 830 | 0 |
_aLitera latinoamericana _922823 |
|
| 910 | _aEn proceso | ||
| 942 |
_2ddc _cLF1 |
||
| 956 | _aYLOCKWARD | ||
| 999 |
_c8271 _d8271 |
||